[Event "Olympiad Women 2024"]
[Site "Budapest HUN"]
[Date "2024.09.14"]
[Round "4.63"]
[Board "3"]
[White "Nema, Rabab"]
[Black "Randriatsiferana, Dimbiharentsoa Christiana"]
[Result "1/2-1/2"]
[WhiteElo "1601"]
[BlackElo "1736"]
[PlyCount "74"]
[EventDate "2024.09.11"]
[WhiteTeam "Kuwait"]
[BlackTeam "Madagascar"]
[WhiteTeamCountry "KUW"]
[BlackTeamCountry "MAD"]

1. d4 Nf6 2. c4 g6 3. Nc3 Bg7 4. e4 d6 5. f3 Nbd7 6. Be3 e5 7. d5 Nh5 8. Qd2 Qh4+ ({RR} 8... Nc5 9. Nge2 a5 10. g4 Nf6 11. h3 h5 12. Bg2 Bd7 13. Bg5 Qb8 14. Be3 O-O 15. Ng3 h4 16. Nge2 c6 17. Bg5 cxd5 18. cxd5 b5 19. Bxh4 b4 20. Nd1 Bb5 21. O-O Rc8 22. Ne3 Nd3 23. b3 {0-1 Pesotskiy,M (2217)-Oparin,G (2674) Titled Tuesday intern op 26th Apr Late blitz 2022 (3)}) ({RR} 8... a5 9. Bd3 Nc5 10. Bc2 Bd7 11. Nge2 f5 12. exf5 gxf5 13. O-O-O Qe7 14. Nb5 Bxb5 15. cxb5 O-O 16. g4 fxg4 17. fxg4 Nf4 18. Ng3 Qd7 19. Bxc5 dxc5 20. Qe3 Qxb5 21. Qe4 Ng6 22. Nf5 Qb4 23. d6 {1-0 Seo,J (2478)-Tryggestad,A (2324) Lewis Chess Legends Open 2024 (6.9)}) 9. Bf2 ({RR} 9. g3 Nxg3 10. Qf2 Nxf1 11. Qxh4 Nxe3 12. Qf2 Bh6 13. Qe2 Nb6 14. b3 f5 15. Nd1 Nxd1 16. Kxd1 c6 17. Kc2 Bd7 18. h4 fxe4 19. fxe4 cxd5 20. cxd5 Rc8+ 21. Kb2 Nxd5 22. exd5 Bg7 23. a4 e4+ {½-½ Brindle,G-Stoye,J British CF-54 U16 1967 (3)}) 9... Qe7 $146 ({RR} 9... Qd8 10. Nge2 Nc5 11. g4 Nf4 12. Nxf4 exf4 13. Qxf4 Be5 14. Qd2 Qf6 15. Be2 Bf4 16. Be3 Qh4+ 17. Kd1 Bxe3 18. Qxe3 O-O 19. Nb5 Bd7 20. Nd4 a5 21. Kc2 c6 22. Rac1 Rfe8 23. Bd3 a4 24. a3 {½-½ Petrzela,P (2072)-Matousek,P (2111) CZE-chT2e 0506 2005 (8.6)}) 10. Nge2 Nb6 11. b3 Bd7 12. g4 Nf6 13. O-O-O h5 14. g5 Nh7 15. h4 f5 16. exf5 Bxf5 17. Ng3 Nf8 18. Bd3 Bd7 19. Rhe1 O-O-O 20. a4 Be8 21. a5 Nbd7 22. Nge4 Nc5 23. Nxc5 dxc5 24. Ne4 b6 25. Qa2 Kb7 26. Bf1 Qf7 27. Bg2 Nd7 28. d6 c6 29. Kc2 Qf5 30. Ra1 b5 31. a6+ Ka8 32. Qa5 Rb8 33. Qc7 Nb6 34. Qxg7 bxc4 35. Qxh8 cxb3+ 36. Kc3 Qe6 37. Bf1 b2 1/2-1/2

[Event "Olympiad Women 2024"]
[Site "Budapest HUN"]
[Date "2024.09.14"]
[Round "4.63"]
[Board "4"]
[White "Tsinjoviniavo, Aina Mahasambatra"]
[Black "Ajbali, Ghaleyah"]
[Result "1-0"]
[WhiteElo "1662"]
[BlackElo "1513"]
[PlyCount "115"]
[EventDate "2024.09.11"]
[WhiteTeam "Madagascar"]
[BlackTeam "Kuwait"]
[WhiteTeamCountry "MAD"]
[BlackTeamCountry "KUW"]

1. e4 c6 2. d4 d5 3. e5 c5 4. dxc5 Nc6 5. Nf3 Bg4 6. Be2 e6 7. Bf4 Bxc5 8. Nbd2 Nge7 9. O-O ({RR} 9. Bg3 Nf5 10. O-O h5 11. Nh4 Nxh4 12. Bxg4 hxg4 13. Qxg4 Nf5 {0-1 Doluhanova,E (2319)-Nakamura,H (2761) Titled Tuesday intern op 7th May blitz 2019 (2)}) 9... O-O 10. c3 ({RR} 10. Nb3 Bb6 11. Be3 Bxe3 12. fxe3 Ng6 13. Nbd4 Bxf3 14. Nxc6 Bxe2 15. Qxe2 bxc6 16. Qh5 Qb6 17. Rf3 Qxb2 18. Raf1 Qxe5 19. Qg4 Rab8 20. h4 h5 21. Qg3 Qxg3 22. Rxg3 Nxh4 23. Rh3 Nf5 24. Rxh5 Nxe3 {0-1 Dakshikaa S M (1310)-Selkirk,R (1709) Swiss Queens Wed #1 2024 (4.16)}) 10... Bxf3 $146 ({RR} 10... Rc8 11. h3 Bh5 12. Nh2 Bxe2 13. Qxe2 Ng6 14. Bg5 Qxg5 15. Ndf3 Qd8 16. Kh1 Nh4 17. Ng1 Nf5 18. g4 Nh4 19. f4 f6 20. exf6 Qxf6 21. Ngf3 Nxf3 22. Rxf3 Rce8 23. Re1 d4 24. b4 Bb6 25. b5 {0-1 Fedin,V (1582)-Dondokov,O (800) Novokuznetsk SFO-ch U17 2014 (5)}) ({RR} 10... Ng6 11. Bg3 Bb6 12. Qe1 Qb8 13. Bd3 Bc7 14. Bxg6 hxg6 15. Qe3 Bxf3 16. Nxf3 Ne7 17. Rfe1 Nf5 18. Qg5 Qd8 19. Qg4 Qe7 20. Rad1 Rac8 21. Bf4 Bb6 22. Qh3 Rc4 23. Bd2 Nh4 24. Ng5 f5 25. g3 {1-0 Malfagia,A (2244)-Danieli,E (2096) Vicenza op 4th 2000 (6)}) 11. Nxf3 Nf5 12. Qc2 h6 13. Bd3 f6 14. Bxf5 exf5 15. Qxf5 fxe5 16. Qe6+ Kh8 17. Nxe5 Nxe5 18. Bxe5 Kh7 19. Rad1 Qh4 20. Bg3 Qc4 21. Qxd5 Qxd5 22. Rxd5 Bb6 23. Rd7 Rae8 24. b4 Kg6 25. c4 Rf7 26. Rd6+ Rf6 27. c5 Rxd6 28. Bxd6 Re6 29. cxb6 Rxd6 30. bxa7 Ra6 31. b5 Rxa7 32. Ra1 Ra3 33. f3 Kh5 34. Kf2 Kh4 35. Ke2 Kg5 36. g3 Kf5 37. Kf2 b6 38. h3 g5 39. Re1 Rxa2+ 40. Re2 Ra4 41. Re8 Rb4 42. g4+ Kg6 43. Re6+ Kf7 44. Rxb6 Kg7 45. Kg3 Rb3 46. h4 gxh4+ 47. Kxh4 Rxf3 48. Rc6 Rb3 49. b6 Rb5 50. Rc7+ Kg6 51. b7 Kf6 52. Kg3 Kg6 53. Kf3 Rb3+ 54. Ke4 h5 55. gxh5+ Kxh5 56. Kf5 Rb5+ 57. Ke6 Kg6 58. Kd7 1-0

[Event "Olympiad Women 2024"]
[Site "Budapest HUN"]
[Date "2024.09.14"]
[Round "4.64"]
[Board "1"]
[White "Lopez L., Dairyn D."]
[Black "Ruddy, Rachel"]
[Result "1/2-1/2"]
[WhiteElo "1740"]
[BlackElo "1662"]
[PlyCount "106"]
[EventDate "2024.09.11"]
[WhiteTeam "Guatemala"]
[BlackTeam "Jersey"]
[WhiteTeamCountry "GUA"]

1. d4 Nf6 2. Nf3 g6 3. e3 Bg7 4. b3 d6 5. Bb2 O-O 6. Bd3 e5 ({RR} 6... c5 7. O-O Nc6 8. a3 Qc7 9. Nbd2 e5 10. dxe5 dxe5 11. Re1 Rd8 12. e4 Nh5 13. g3 Bg4 14. Qe2 Bh6 15. Nc4 Nd4 16. Bxd4 exd4 17. Kg2 Re8 18. h3 Be6 19. a4 Re7 20. Nh2 f5 21. Kg1 {0-1 Gjorgjieski,D (2242)-Janev,E (2521) FRM Cup 11th 2002 (4)}) 7. dxe5 Nfd7 ({RR} 7... dxe5 8. Bxe5 Nbd7 9. Bb2 b6 10. O-O Bb7 11. Nbd2 Re8 12. Ng5 Ne5 13. Bb5 Qd5 14. Ndf3 Qxb5 15. Nxe5 Rxe5 16. Bxe5 Qxe5 17. Nf3 Bxf3 18. Qxf3 Re8 19. Rad1 Qe4 20. Qxe4 Nxe4 21. Rd7 Rc8 22. Rfd1 {0-1 Balan,D (1065)-Olariu Chilut,S (1149) ROM-ch U10 Girls 2022 (2)}) 8. Nbd2 dxe5 $146 ({RR} 8... Nc6 9. Rb1 Ndxe5 10. Nxe5 Nxe5 11. Be2 f5 12. h3 Qe7 13. O-O Be6 14. c4 Rad8 15. Nf3 c5 16. Qc1 Rd7 17. Rd1 Rfd8 18. Qc2 Bf6 19. Rd2 Qg7 20. Rbd1 g5 21. Nxe5 dxe5 22. Rxd7 Rxd7 23. Rxd7 {½-½ Quintino Montenegro,J (1932)-Cunha Guimaraes,M (2019) Cearense-ch 69th 2000 (8)}) 9. e4 Nc6 10. Nc4 Re8 11. O-O Nc5 12. Ne3 Nd4 13. Nd2 Nxd3 14. cxd3 Ne6 15. Nf3 Nf4 16. Qc2 Qxd3 17. Qxc7 Ne2+ 18. Kh1 Qxe4 19. Rae1 Nd4 20. Nxd4 exd4 21. Nc2 Qc6 22. Qxc6 Rxe1 23. Rxe1 bxc6 24. Re8+ Bf8 25. Bxd4 a6 26. Nb4 Bb7 27. Rxa8 Bxa8 28. Nxa6 Bd6 29. Kg1 Kf8 30. Nc5 Bxc5 31. Bxc5+ Ke8 32. f4 Kd7 33. Kf2 Ke6 34. Ke3 Kd5 35. b4 f5 36. a4 Bb7 37. h3 h5 38. Kf3 Ke6 39. Kg3 Ba6 40. Kh4 Bf1 41. a5 Kf7 42. g4 hxg4 43. hxg4 fxg4 44. Kxg4 Bd3 45. Kg5 Bb5 46. f5 gxf5 47. Kxf5 Ke8 48. Ke6 Kd8 49. Kd6 Kc8 50. Ke7 Kb7 51. Kd7 Ka6 52. Kc7 Ba4 53. Kd6 Bb5 1/2-1/2

[Event "Olympiad Women 2024"]
[Site "Budapest HUN"]
[Date "2024.09.14"]
[Round "4.64"]
[Board "2"]
[White "Ashbrooke, Monika"]
[Black "Raymundo, Deycy Daniela"]
[Result "0-1"]
[WhiteElo "1650"]
[BlackElo "1728"]
[PlyCount "52"]
[EventDate "2024.09.11"]
[WhiteTeam "Jersey"]
[BlackTeam "Guatemala"]
[BlackTeamCountry "GUA"]

1. d4 d5 2. Nf3 Nf6 3. g3 e6 4. Bg2 c5 5. O-O Be7 6. c4 ({RR} 6. dxc5 Na6 7. c4 Nxc5 8. Nc3 O-O 9. cxd5 exd5 10. Be3 Re8 11. Rc1 Be6 12. Ng5 Ng4 13. Nxe6 Nxe6 14. Nxd5 Nxe3 15. Nxe3 Qa5 16. Qd5 Qa6 17. Qc4 Rad8 18. Qxa6 bxa6 19. Nd5 Nd4 20. Nxe7+ Rxe7 {1-0 Sumets,A (2583)-Willemze,T (2420) Amsterdam Science Park op-A 3rd 2013 (9)}) 6... Nc6 ({RR} 6... cxd4 7. Nxd4 O-O 8. Nc3 dxc4 9. Ndb5 Na6 10. Bf4 Qa5 11. e4 Rd8 12. Qe2 Bd7 13. Qxc4 Rac8 14. Qb3 Nc5 15. Qc4 Ncxe4 16. Qe2 Nxc3 17. Nxc3 Bc6 18. Rfd1 Bxg2 19. Kxg2 Nd5 20. Nxd5 Rxd5 21. Rac1 {1-0 Perske,T (2448)-Mizzi,J (2049) Titled Tue 11th Apr Late 2023 (4)}) 7. b3 $146 ({RR} 7. Qa4 O-O 8. dxc5 Bxc5 9. Bg5 Be7 10. Nc3 h6 11. cxd5 exd5 12. Bd2 d4 13. Nb5 d3 14. exd3 Bf5 15. d4 a6 16. Nc3 Ne4 17. Nxe4 Bxe4 18. Bc3 Qd5 19. Qd1 b5 20. a3 Rad8 21. Ne1 Bxg2 {0-1 Bascheck,R (1532)-Hemmers,D (1655) GER-ch Net Amateur Gr-B Vor1 blitz 2020 (9)}) 7... dxc4 8. Ne5 Nxe5 9. dxe5 Qxd1 10. Rxd1 Ng4 11. Bb2 cxb3 12. axb3 f6 13. Nc3 O-O 14. exf6 Bxf6 15. Bf3 Ne5 16. Bg2 c4 17. Ne4 Nf3+ 18. Bxf3 Bxb2 19. Rab1 c3 20. Rxb2 cxb2 21. Rb1 Bd7 22. Rxb2 Bc6 23. Ng5 Bxf3 24. Nxe6 Rfe8 25. Nc7 Rac8 26. Nxe8 Rc1# 0-1

[Event "Olympiad Women 2024"]
[Site "Budapest HUN"]
[Date "2024.09.14"]
[Round "4.64"]
[Board "3"]
[White "Santiago Sontay, Jenny Fernanda"]
[Black "Forbes, Yasmin"]
[Result "1-0"]
[WhiteElo "1773"]
[BlackElo "1606"]
[PlyCount "37"]
[EventDate "2024.09.11"]
[WhiteTeam "Guatemala"]
[BlackTeam "Jersey"]
[WhiteTeamCountry "GUA"]

1. d4 d5 2. e3 Nf6 3. Bd3 c5 4. c3 e6 5. f4 Be7 6. Nf3 O-O 7. Ne5 $146 ({RR} 7. O-O c4 8. Bc2 b5 9. Ne5 Bb7 10. Nd2 Nc6 11. Nxc6 Bxc6 12. a3 a5 13. Nf3 b4 14. Ne5 Qb6 15. axb4 axb4 16. Rxa8 Rxa8 17. cxb4 Bxb4 18. Bd2 Bxd2 19. Qxd2 Ba4 20. Bxa4 Rxa4 21. Rb1 Ra2 {0-1 Podolska,A-Yargunkina,M Ilichevsk Sunny Pawn op 2007 (5)}) ({RR} 7. O-O b6 8. Nbd2 Ba6 9. c4 dxc4 10. Nxc4 b5 11. Nce5 c4 12. Bc2 Qc7 13. Ng5 h6 14. Rf3 Nbd7 15. Rh3 Bb7 16. Ng4 Qc6 17. Nxh6+ gxh6 18. Ne4 Nxe4 19. Qg4+ Ng5 20. e4 Nf6 21. Qg3 Nfxe4 {0-1 Warlick,J (2205)-De Castro,E (2385) Olympiad-29 Novi Sad 1990 (6)}) ({RR} 7. O-O Ne4 8. Nbd2 f5 9. Ne5 Nd7 10. g4 Nxe5 11. fxe5 Bg5 12. Qe2 Bd7 13. gxf5 exf5 14. Nf3 Qe7 15. Kh1 Rae8 16. Rg1 Bh6 17. Bd2 f4 18. exf4 Nxd2 19. Nxd2 Rxf4 20. Rg3 cxd4 21. cxd4 Rxd4 {1-0 Harriott,T (1889)-Nugumanov,B (2316) Titled Tue 4th Apr Early 2023 (5)}) ({RR} 7. Nbd2 b6 8. Qe2 a5 9. Ne5 Qc7 10. Bb1 Ba6 11. Qf3 Nc6 12. Kf2 Nxe5 13. fxe5 Ne8 14. Qh3 g6 15. Re1 Ng7 16. Kg1 f5 17. exf6 Bxf6 18. Nf3 Bc8 19. Qg3 Qxg3 20. hxg3 Nf5 21. e4 Nxg3 {0-1 Paszek,K (2135)-Krysztofiak,M (2296) POL-ch U16 Zakopane 2001 (4)}) 7... b6 8. g4 Ba6 9. Bxa6 Nxa6 10. Nd2 h6 11. h4 Ne4 12. Nxe4 dxe4 13. g5 Nb8 14. Qh5 f6 15. Ng6 Qe8 16. gxh6 Kh7 17. Nxf8+ Qxf8 18. hxg7+ Kxg7 19. Rg1# 1-0

[Event "Olympiad Women 2024"]
[Site "Budapest HUN"]
[Date "2024.09.14"]
[Round "4.65"]
[Board "1"]
[White "Miladi, Amen"]
[Black "Sosna Mehari Abraham"]
[Result "1-0"]
[WhiteElo "1851"]
[BlackElo "1541"]
[PlyCount "73"]
[EventDate "2024.09.11"]
[WhiteTeam "Tunisia"]
[BlackTeam "Eritrea"]
[WhiteTeamCountry "TUN"]
[BlackTeamCountry "ERI"]

1. e4 {Mikhalevski,Victor} c5 2. Nf3 Nc6 3. d4 cxd4 4. Nxd4 g6 5. Nc3 Bg7 6. Be3 Nf6 7. Bc4 O-O 8. Bb3 e6 ({RR} 8... a5 9. O-O d6 10. Ndb5 b6 ({RR} 10... Bd7 11. f3 Ne5 12. a4 Rc8 13. Qe2 Be6 14. Bxe6 fxe6 15. b3 Nc6) 11. Re1 Ba6 12. a4 Rc8 13. Nd5 Nd7 14. Bg5) ({RR} 8... d6) 9. Qd2 ({RR} 9. O-O) ({RR} 9. f4 Ng4 ({RR} 9... d6 10. Qf3 ({RR} 10. Ndb5 Nxe4)) 10. Qxg4) 9... d5 ({RR} 9... Ng4 10. Bg5 Qa5 11. Nxc6 dxc6 12. Rd1) ({RR} 9... Re8 10. f3 d5 11. O-O-O a6 12. h4 Qd6 13. Nxc6 bxc6 14. e5 Qxe5 15. Bf4 Qf5 16. g4 Nxg4 17. fxg4 Qxg4 18. Rdg1 Qf5 19. Rg5 Bxc3 20. bxc3 Qf6 21. Be5 Qe7 22. Qf4 f5 23. h5 Qa3+ 24. Kb1 {1-0 Marthinussen,E (1628)-Stagno,M (1394) EU-ch U14 Girls 2019 (2)}) 10. O-O-O $146 ({RR} 10. exd5 Nxd5 11. Nxd5 exd5 12. O-O Be6 ({RR} 12... Na5 13. c3 Nc4 14. Bxc4 dxc4 15. Bh6) 13. Rfe1 Re8 14. Rad1 a6 ({RR} 14... Na5 15. Ba4 Nc4 16. Qb4 Bd7) 15. c3 Na5 16. Bh6 ({RR} 16. Bc2 Nc4) 16... Nxb3 ({RR} 16... Bf6 17. Bc2 Nc4 18. Qc1 Rc8) 17. axb3 ({RR} 17. Nxb3 Bf6 18. Be3 Rc8 19. Bd4 Bg5) 17... Bh8 18. h3 Rc8 19. Re2 Bd7 20. Rxe8+ Qxe8 21. Re1 Qd8 22. Bg5 Qc7 23. Bf4 Qc5 24. b4 Qf8 {½-½ Ivanchuk,V (2739)-Malakhov,V (2670) RUS-chT 12th 2005 (5)}) ({RR} 10. exd5 exd5 11. O-O-O Ne4 12. Nxe4 dxe4 13. Kb1 Qf6 14. c3 Na5 15. Bc2 Nc4 16. Qe2 Nxe3 17. Qxe3 Bd7 18. Bxe4 Ba4 19. Rde1 Rfe8 20. Qf3 Qe5 21. Re2 Rab8 22. Bc6 Bxc6 23. Nxc6 Qb5 24. Rxe8+ Rxe8 {1-0 Rettenmaier,R (1160)-MacIntyre,B (1636) San Francisco TNM Fall op 2008 (8)}) 10... Nxe4 11. Nxe4 dxe4 12. Nxc6 Qxd2+ 13. Bxd2 bxc6 14. Bb4 Re8 15. Rhe1 a5 16. Ba3 f5 17. Rd6 Ra6 18. Red1 Kf7 19. Ba4 Bf8 20. Rxc6 Rxc6 21. Bxc6 Bxa3 22. Bxe8+ Kxe8 23. bxa3 Ke7 24. Rd4 Bd7 25. Kb2 e5 26. Rd5 a4 27. Rxe5+ Kd6 28. Ra5 h5 29. Kc3 g5 30. Kd4 Ke7 31. Ke5 g4 32. g3 Be6 33. Rxa4 Bxa2 34. Ra7+ Kd8 35. Kxf5 Bd5 36. Ke5 Bc6 37. Kd6 1-0

[Event "Olympiad Women 2024"]
[Site "Budapest HUN"]
[Date "2024.09.14"]
[Round "4.65"]
[Board "2"]
[White "Besrat Mesgena Yoseph"]
[Black "Mefteh, Meyssem"]
[Result "0-1"]
[WhiteElo "1557"]
[BlackElo "1834"]
[PlyCount "104"]
[EventDate "2024.09.11"]
[WhiteTeam "Eritrea"]
[BlackTeam "Tunisia"]
[WhiteTeamCountry "ERI"]
[BlackTeamCountry "TUN"]

1. e4 c5 2. Nc3 Nc6 3. Nf3 Nf6 4. Be2 d5 5. exd5 Nxd5 6. Nxd5 ({RR} 6. Bb5 Nxc3 7. bxc3 Bd7 8. O-O a6 9. Bxc6 Bxc6 10. Ne5 Qd5 11. Nxc6 Qxc6 12. c4 e6 13. a4 Be7 14. Qf3 Qxf3 15. gxf3 Kd7 16. Bb2 Rhd8 17. Rfb1 Kc6 18. d3 Bd6 19. Ra3 Bc7 20. Bc3 b6 {½-½ Nurdinov,I (2005)-Lysenko,M (2228) Lozovatsky Mem A 2023 (5.62)}) 6... Qxd5 7. O-O e6 $146 ({RR} 7... g6 8. b3 Bg7 9. Rb1 O-O 10. Bb2 e5 11. Bc4 Qd6 12. h3 b6 13. Re1 Bb7 14. Ng5 Na5 15. Bf1 Rad8 16. d3 f5 17. Qe2 Rfe8 18. Ba1 Nc6 19. Nf3 Nb4 20. a3 Nd5 21. g3 e4 22. Nh4 {0-1 Vrba,M (1968)-Cvicela,A (2177) SVK-chT2A 0506 2005 (9.3)}) ({RR} 7... Bg4 8. c3 e5 9. Nxe5 Nxe5 10. Bxg4 Be7 11. Re1 O-O 12. d4 cxd4 13. cxd4 Nxg4 14. Qxg4 Bf6 15. Be3 Rad8 16. Red1 Rfe8 17. Rd3 Re4 18. Qd1 Bxd4 19. Bxd4 Rxd4 20. Rxd4 Qxd4 21. Qxd4 Rxd4 22. Kf1 {0-1 Ballesteros Ramirez,J-Valverde Lujan,C Valladolid CC Social 22nd 1993 (2)}) 8. d3 Be7 9. b3 Bf6 10. Rb1 O-O 11. c4 Qf5 12. Bb2 Rd8 13. Qd2 b6 14. h3 h6 15. Bxf6 Qxf6 16. Rfe1 e5 17. Qe3 Qd6 18. Nh4 Re8 19. Bf3 Bd7 20. Bd5 Rac8 21. Qf3 Nd8 22. Re4 Bc6 23. Bxc6 Nxc6 24. Rg4 Nd4 25. Qe4 Qe6 26. Re1 f5 27. Nxf5 Qxf5 28. Qd5+ Qe6 29. Rxe5 Qxd5 30. Rxd5 Rcd8 31. Re4 Rxd5 32. Rxe8+ Kf7 33. Re4 Rd7 34. g4 Nc6 35. h4 Rxd3 36. h5 Rd4 37. Re3 Rxg4+ 38. Kf1 Rh4 39. Rf3+ Ke6 40. Rg3 Kf7 41. Rf3+ Kg8 42. Rf5 Nd4 43. Re5 Kf7 44. Kg2 Rf4 45. Kg3 Rf5 46. f4 Rxe5 47. fxe5 Ke6 48. Kf4 Nc6 49. Ke4 Nxe5 50. a4 Nc6 51. Kf4 Na5 52. Ke4 Nxb3 0-1

[Event "Olympiad Women 2024"]
[Site "Budapest HUN"]
[Date "2024.09.14"]
[Round "4.65"]
[Board "3"]
[White "Ben Amor, Meriem"]
[Black "Elshalom Essayas Berhane"]
[Result "0-1"]
[WhiteElo "1733"]
[BlackElo "1659"]
[PlyCount "114"]
[EventDate "2024.09.11"]
[WhiteTeam "Tunisia"]
[BlackTeam "Eritrea"]
[WhiteTeamCountry "TUN"]
[BlackTeamCountry "ERI"]

1. e4 c5 2. Nf3 Nc6 3. d4 cxd4 4. Nxd4 d6 5. Nc3 g6 6. Be3 Bg7 7. Qd2 Nf6 8. f3 Bd7 9. Bc4 O-O 10. Bb3 Rc8 11. O-O-O Ne5 12. Kb1 a6 13. h4 b5 ({RR} 13... h5 14. Bh6 Nc4 15. Bxc4 Rxc4 16. Bxg7 Kxg7 17. Rhe1 Re8 18. Nde2 Qa5 19. Nf4 Rec8 20. Ncd5 Qxd2 21. Rxd2 Nxd5 22. Nxd5 Re8 23. Nb6 Rc7 24. e5 Be6 25. exd6 Rc6 26. Na4 exd6 27. b3 Rec8 28. Nb2 {½-½ Anand,V (2798)-Carlsen,M (2775) Mainz Classic rap Prelim rapid 2008 (1)}) 14. Qe1 $146 ({RR} 14. h5 Qc7 15. hxg6 hxg6 16. Bh6 Bh8 17. Bxf8 Rxf8 18. Nd5 Nxd5 19. Qh6 Nc3+ 20. Ka1 {1-0 Olarte,R-Santagada,H (1775) IRT Cerrado Magistral 2023 (3.1)}) ({RR} 14. h5 Nc4 15. Bxc4 bxc4 16. hxg6 fxg6 17. Bh6 Rf7 18. Bxg7 Rxg7 19. Qh6 Rb8 20. Na4 Qa5 21. Nc3 Qb4 22. Kc1 Qxb2+ 23. Kd2 Qa3 24. Rb1 Rc8 25. Qg5 Qc5 26. Qxc5 Rxc5 27. Rb8+ Kf7 28. a4 Rg8 {½-½ Lieber,C (1290)-Toker,D (1536) GER-ch U10 Willingen 2007 (10)}) 14... Nc4 15. Bg5 h6 16. Bc1 b4 17. Nd5 Nxd5 18. exd5 a5 19. Bxc4 Rxc4 20. Be3 h5 21. Qe2 Rc7 22. g4 hxg4 23. fxg4 Qc8 24. Rhg1 a4 25. h5 b3 26. cxb3 Bxd4 27. Bxd4 axb3 28. a3 e5 29. dxe6 Bxe6 30. hxg6 fxg6 31. Qh2 Rh7 32. Qxd6 Rd8 33. Qf4 Qc2+ 34. Ka1 Ra8 35. Qd6 Qc4 36. Rc1 Rd7 37. Qxd7 Qxc1+ 38. Rxc1 Bxd7 39. Rg1 Rc8 40. Kb1 Rc4 41. Bc3 Bxg4 42. Kc1 Kf7 43. Kd2 Bf5 44. Ke3 Rxc3+ 45. bxc3 b2 46. a4 b1=Q 47. Rxb1 Bxb1 48. a5 Bf5 49. a6 Bc8 50. a7 Bb7 51. c4 g5 52. c5 Ke6 53. Kf2 Kf5 54. Kg3 Bc6 55. Kf2 Kf4 56. Kf1 Kg3 57. Kg1 g4 0-1

[Event "Olympiad Women 2024"]
[Site "Budapest HUN"]
[Date "2024.09.14"]
[Round "4.66"]
[Board "1"]
[White "Andhin, Chethanah"]
[Black "Wilson, Hannah"]
[Result "0-1"]
[WhiteElo "1607"]
[BlackElo "1888"]
[PlyCount "150"]
[EventDate "2024.09.11"]
[WhiteTeam "Mauritius"]
[BlackTeam "Barbados"]
[WhiteTeamCountry "MRI"]
[BlackTeamCountry "BAR"]

1. d4 d5 2. Bf4 Nf6 3. Nf3 c5 4. c3 Nc6 5. e3 Qb6 6. Qc2 g6 7. Nbd2 cxd4 ({RR} 7... Bg7 8. h3 O-O 9. Be2 Bd7 10. O-O Rac8 11. Qb3 c4 12. Qxb6 axb6 13. Rfe1 b5 14. a3 Nh5 15. Bh2 f5 16. Bd1 Nf6 17. Ne5 Nxe5 18. Bxe5 Ne4 19. Nf3 Bf6 20. Bc2 Ra8 21. Bh2 Bc6 22. Ne5 {0-1 Tabatabaei,M (2694)-Idani,P (2615) Titled Tue 14th Nov Early 2023 (5)}) 8. exd4 Bg7 9. Bd3 ({RR} 9. Be2 O-O 10. O-O Nh5 11. Be3 f5 12. Nb3 Nf6 13. Ne5 Ne4 14. f3 Nxe5 15. fxe4 dxe4 16. c4 Nc6 17. c5 Qd8 18. d5 Nb4 19. Qc4 Nxd5 20. Rfd1 e6 21. Bd4 Qg5 22. Bxg7 Kxg7 23. Qd4+ Kh6 {0-1 Melamed,D (2033)-Iskusnyh,S (2440) Titled Tue 28th May Early 2024 (1)}) 9... O-O 10. h3 $146 ({RR} 10. O-O Bd7 11. Rfe1 Rac8 12. Qb1 Rfe8 13. h3 Nd8 14. Ne5 Bb5 15. Bc2 Ne6 16. Bh2 Nh5 17. a4 Bc6 18. a5 Qd8 19. a6 b5 20. Bd3 b4 21. Nxc6 Rxc6 22. Bb5 Rb6 23. Bxe8 bxc3 24. Bxf7+ Kxf7 {1-0 Nolly,C-Liew,K (1838) Penang op 4th 2012 (9)}) 10... Re8 11. O-O Bd7 12. Rfe1 Rac8 13. Qb3 Na5 14. Qa3 Bf8 15. b4 Nc4 16. Qb3 Bb5 17. Bc2 Nh5 18. Bh2 Bh6 19. Nf1 Nf4 20. a4 Bd7 21. Ne5 Be6 22. Nxc4 dxc4 23. Qb1 Qc6 24. Be4 Bd5 25. Bxd5 Qxd5 26. Qe4 Qxe4 27. Rxe4 Nd5 28. Ra3 Bc1 29. Ra1 Bb2 30. Rae1 Bxc3 31. Rb1 Nf6 32. Rf4 g5 33. Rf3 Bxd4 34. Rc1 c3 35. Rd3 Red8 36. Ne3 e5 37. Nf5 Kf8 38. Nxd4 exd4 39. Be5 Nd5 40. Rxd4 f6 41. Bg3 c2 42. Rd2 Nxb4 43. Bd6+ Rxd6 44. Rxd6 Na2 45. Rxc2 Rxc2 46. Rxf6+ Kg7 47. Rd6 Rc7 48. Kh2 Nc3 49. Rd4 b5 50. axb5 Kf6 51. b6 axb6 52. Rd6+ Kg7 53. Rxb6 Nd1 54. Kg1 Rc2 55. Rb7+ Kg6 56. Rb6+ Kf5 57. Rb5+ Kf4 58. Rb4+ Kf5 59. Rb5+ Kf6 60. Rb6+ Ke7 61. Rb7+ Ke6 62. Rb6+ Kd5 63. Rb7 Nxf2 64. Rxh7 Ne4 65. Rh8 Ke5 66. Re8+ Kf4 67. Rf8+ Kg3 68. Rf3+ Kh4 69. Kh2 Rf2 70. Re3 Nd2 71. Kg1 Rf1+ 72. Kh2 Rd1 73. Re8 Nf1+ 74. Kg1 Ng3+ 75. Kf2 Rf1+ 0-1

[Event "Olympiad Women 2024"]
[Site "Budapest HUN"]
[Date "2024.09.14"]
[Round "4.66"]
[Board "3"]
[White "Beekhy, Aamirah"]
[Black "Reifer-Belle, Chanon"]
[Result "0-1"]
[WhiteElo "1600"]
[BlackElo "1736"]
[PlyCount "80"]
[EventDate "2024.09.11"]
[WhiteTeam "Mauritius"]
[BlackTeam "Barbados"]
[WhiteTeamCountry "MRI"]
[BlackTeamCountry "BAR"]

1. d4 d5 2. Bf4 Nf6 3. e3 c5 4. c3 Nc6 5. Nd2 Bf5 6. Ngf3 Qb6 7. Qb3 c4 8. Qxb6 axb6 9. Nh4 ({RR} 9. a3 h6 10. Be2 b5 11. O-O e6 12. Ne5 Nxe5 13. dxe5 Nd7 14. Nf3 Bg4 15. Nd4 Bxe2 16. Nxe2 Nc5 17. Nd4 Ra5 18. Bg3 Be7 19. f3 O-O 20. Rad1 Nd3 21. Rd2 Bc5 22. Bh4 Ra6 23. f4 f6 {½-½ Eljanov,P (2717)-Bluebaum,M (2588) Wch Blitz 9th 2015 (19)}) 9... Bg6 ({RR} 9... Bd7 10. h3 h6 11. Bc7 b5 12. g4 e6 13. Bg2 b4 14. O-O Be7 15. Nhf3 O-O 16. Ne5 Rfc8 17. Nxc6 Bxc6 18. Bh2 bxc3 19. bxc3 Ra7 20. Rfb1 b5 21. Nf1 Rca8 22. Rb2 Ba3 23. Rc2 b4 24. cxb4 {0-1 Nascimento Admilton de Ceita (1908)-Shaw,J (2051) 45th Olympiad 2024 (4.59)}) 10. Nxg6 hxg6 11. Bc7 $146 ({RR} 11. h3 e6 12. e4 Be7 13. Be2 b5 14. Bf3 b4 15. O-O O-O 16. Bg5 Rfd8 17. Rfe1 b5 18. e5 bxc3 19. bxc3 Nd7 20. Bxe7 Nxe7 21. a3 Rdb8 22. Reb1 Nf5 23. Bg4 {½-½ Aubury,B (1697)-Yu,L (1506) BCF-ch U12 Hull 2018 (7)}) ({RR} 11. a3 b5 12. O-O-O e6 13. Be2 Be7 14. h3 Kd7 15. Bf3 Rhc8 16. Kc2 b4 17. axb4 Bxb4 18. Ra1 Be7 19. e4 b5 20. Be5 dxe4 21. Nxe4 Nd5 22. Bxg7 b4 23. Nc5+ Bxc5 24. Bxd5 exd5 25. Rxa8 Rxa8 {0-1 Yunusov,M (1888)-Agmanov,Z (2403) Central Asia-ch U20 2019 (1)}) 11... b5 12. Be2 e6 13. Bf4 b4 14. e4 bxc3 15. bxc3 Ra3 16. e5 Nd7 17. Nb1 Ra5 18. O-O b5 19. Nd2 Nb6 20. Rfc1 Kd7 21. Bd1 Ba3 22. Rc2 Rha8 23. Nb1 Be7 24. Bc1 b4 25. cxb4 Nxb4 26. Rb2 Rxa2 27. Raxa2 Rxa2 28. Rxa2 Nxa2 29. Bd2 Nb4 30. Nc3 Kc6 31. f4 Nd3 32. Bc2 Nb4 33. Bd1 Kd7 34. Be1 Nc6 35. Kf2 Nxd4 36. Ke3 Nf5+ 37. Kf3 Bb4 38. Kf2 Kc6 39. Bc2 Bc5+ 40. Kf3 Nd4+ 0-1

[Event "Olympiad Women 2024"]
[Site "Budapest HUN"]
[Date "2024.09.14"]
[Round "4.67"]
[Board "1"]
[White "Mongeli, Sasha"]
[Black "Nomcebo, Sibisi"]
[Result "1-0"]
[WhiteElo "1819"]
[BlackElo "1570"]
[PlyCount "63"]
[EventDate "2024.09.11"]
[WhiteTeam "Kenya"]
[BlackTeam "Eswatini"]
[WhiteTeamCountry "KEN"]

1. d4 d5 2. g3 c6 3. Bg2 e6 4. Nf3 Nf6 5. Nbd2 Be7 6. O-O O-O 7. c4 Nbd7 8. Qc2 b6 9. e4 dxe4 10. Nxe4 Nxe4 11. Qxe4 Bb7 12. Rd1 Rc8 13. b3 Ba8 14. Qe2 Bf6 ({RR} 14... Qe8 15. Bb2 c5 16. Rd2 Bxf3 17. Qxf3 Bg5 18. Rdd1 cxd4 19. Bxd4 Rc7 20. Rab1 Qe7 21. Qe2 Bf6 22. Be3 Bg5 23. f4 Bf6 24. Rd2 Bc3 25. Rd3 Bb4 26. Rbd1 Nc5 27. Rd4 Bc3 28. Rd6 Bb4 29. R6d4 {½-½ Ivanchuk,V (2667)-Henriquez Villagra,C (2618) FIDE World Cup 2023 (2.2)}) 15. Bb2 Qc7 16. Rd2 $146 ({RR} 16. Ne5 Nxe5 17. dxe5 Be7 18. Rd3 c5 19. Bxa8 Rxa8 20. Rad1 Rad8 21. Qe4 Rxd3 22. Rxd3 Rd8 23. Kf1 Rxd3 24. Qxd3 Qd8 25. Ke2 Qxd3+ 26. Kxd3 h5 27. Bc1 Kf8 28. Ke4 Ke8 29. f3 Kf8 30. Be3 Kg8 {½-½ Schneider,A-Imanaliev,T Frunze 1983}) ({RR} 16. Ne5 Nxe5 17. dxe5 Be7 18. Rd3 {½-½ Arkhangelsky,B (2384)-Hecht,H (2388) Wch Seniors 15th 2005 (10)}) 16... c5 17. Rad1 cxd4 18. Bxd4 Bxd4 19. Rxd4 Nc5 20. b4 Na6 21. a3 Nb8 22. Qd3 e5 23. Ng5 f5 24. Ne6 Qf7 25. Nxf8 exd4 26. Bxa8 Kxf8 27. Qxd4 Qc7 28. Bd5 Rd8 29. Qh4 g6 30. Qf6+ Ke8 31. Re1+ Kd7 32. Qe6# 1-0